000 00775cam a2200241 a 4500
001 199266
005 20240119002325.0
008 990406s2000 nyub b 001 0 eng
020 _a0815328249 (alk. paper)
040 _aDLC
_cDLC
_dDLC
082 0 0 _a266/.02373054/082
_221
_bMAI
100 1 _aSingh, Maina Chawla.
245 1 0 _aGender, religion, and "heathen lands" :
_bAmerican missionary women in South Asia, 1860s-1940s /
_cby Maina Chawla Singh.
250 _a1st
260 _aNew York :
_bGarland Pub.,
_c2000.
300 _axiv, 393 p. :
650 0 _aWomen missionaries
650 0 _aWomen missionaries
650 0 _aMissions, American
650 0 _aProtestant churches
856 4 2 _uhttp://www.loc.gov/catdir/enhancements/fy0652/99028674-d.html
942 _cL
999 _c182
_d182